000
00192 a2200097 4500
020
_a
9789992261491
041
_a
spa
100
_a
MARCO ANTONIO FLORES
245
_a
942
_c
BK
999
_c
4471
_d
4471